Anything But Love- Tate Mcrae - Statistics

General Stats
  • This quiz has been taken 17 times
  • The average score is 230 of 315
Answer Stats
Answer % Correct
to
100%
a
93%
and
93%
i
93%
I
93%
my
93%
you
93%
anything
86%
at
86%
but
86%
do
86%
hate
86%
hates
86%
in
86%
love
86%
of
86%
off
86%
the
86%
too
86%
all
79%
as
79%
brother
79%
dad
79%
dog
79%
for
79%
got
79%
it
79%
like
79%
me
79%
on
79%
so
79%
tatiana
79%
be
71%
california
71%
friends
71%
im
71%
i'm
71%
is
71%
jacking
71%
no
71%
not
71%
one
71%
ryan
71%
see
71%
that
71%
why
71%
billboards
64%
choo's
64%
happy
64%
jimmy
64%
know
64%
make
64%
moved
64%
na
64%
name
64%
neck
64%
real
64%
really
64%
skyscrapers
64%
step
64%
take
64%
they
64%
tryna
64%
views
64%
what
64%
your
64%
you're
64%
ass
57%
baby
57%
blunt
57%
cause
57%
competition
57%
does
57%
don't
57%
dont
57%
fans
57%
fuck
57%
mad
57%
monster
57%
oh
57%
only
57%
punk
57%
saw
57%
then
57%
this
57%
trucks
57%
walk
57%
want
57%
we
57%
drama
50%
echelon
50%
good
50%
if
50%
its
50%
keep
50%
lets
50%
long
50%
lucky
50%
room
50%
salon
50%
say
50%
shit
50%
upper
50%
yeah
50%
asked
43%
cut
43%
hair
43%
home
43%
paying
43%
sit
43%
mean
36%
stop
36%
can't
29%
hey
0%
No matching quizzes found
Score Distribution
Percent of People with Each Score
Percentile by Number Answered
Your Score History
You have not taken this quiz